| 000 | 00695nam a2200229 i 4500 | ||
|---|---|---|---|
| 001 | 172704 | ||
| 003 | ES-MaACL | ||
| 005 | 20250710062736.0 | ||
| 007 | t| | ||
| 008 | 090828s1976 fr ||||1| fre d | ||
| 080 | _a821.133.1-84 | ||
| 100 | 1 |
_aGuiraud, Pierre. _960893 |
|
| 245 | 1 | 4 |
_aLes jeux de mots / _cPierre Guiraud. |
| 250 | _a1re éd. | ||
| 260 |
_aParis : _bPresses Universitaires de France, _c1976. |
||
| 300 |
_a128 p. ; _c18 cm. |
||
| 490 | 1 |
_aQue sais-je ? ; _v1656 |
|
| 650 | 4 |
_aJuegos de palabras- _zFrancia. _9141059 |
|
| 830 | 0 | 0 |
_aQue sais-je? _v1656 _9180931 |
| 852 | 4 |
_aES-MaACL _jE-12983 _9R.139152 _z. - Biblioteca Jacinto Martínez Lacalle |
|
| 999 |
_c172704 _d172704 |
||